00613nam a2200169Ia 4500008004100000020001800041082001400059100002100073245003800094260005100132300003400183490002800217600002100245942000700266952015300273999001700426250611s9999 xx 000 0 und d a9780003700855 a428.6 STE aStevenson, R. L. 0aDr. Jekyll and Mr. Hyde:bLevel 4 aGreat Britain:bCollins English Library,c1978 a64p.b:includes illustrations aCollins English Library aEnglish Language cGB 00104070aUITUbUITUcGIFd2025-06-11eGifted by Mr. Anzar Alaml0o428.6 STEpG299r2025-06-11 11:30:45w2025-06-11yGBzGifted by Mr. Anzar Alam c31466d31466